[Event "Landesklasse West 2013/2014"]
[Site "?"]
[Date "2013.10.20"]
[Round "2"]
[White "Klingler, Lutz"]
[Black "Anisheva, Varvara"]
[Result "1/2-1/2"]
[WhiteElo "1974"]
[BlackElo "2010"]
[PlyCount "41"]
[EventDate "2013.??.??"]
[WhiteTeam "SV Schmalkalden 04"]
[BlackTeam "SC 51 Nordhausen"]

1. f4 c5 2. Nf3 g6 3. e4 Bg7 4. Nc3 Nc6 5. Bc4 e6 6. O-O Nge7 7. d3 d5 8. Bb3
O-O 9. Qe1 Nd4 10. Nxd4 cxd4 11. Ne2 dxe4 12. dxe4 b5 13. Ng3 a5 14. a3 Qc7 15.
Qf2 a4 16. Ba2 Ra6 17. Bb1 Bb7 18. Bd2 Rd8 19. Rc1 Rc6 20. Re1 Ra6 21. Rc1
1/2-1/2

[Event "Landesklasse West 2013/2014"]
[Site "?"]
[Date "2013.10.20"]
[Round "2"]
[White "Bamberg, Alexander"]
[Black "Hüllenhagen, Andreas"]
[Result "1-0"]
[WhiteElo "1853"]
[BlackElo "1657"]
[PlyCount "45"]
[EventDate "2013.??.??"]
[WhiteTeam "SV Schmalkalden 04"]
[BlackTeam "SC 51 Nordhausen"]

1. e4 c5 2. Nf3 e6 3. d4 cxd4 4. Nxd4 a6 5. Nc3 Qc7 6. Be2 Nf6 7. Bf3 Nc6 8.
O-O d6 9. g3 Ne5 10. Bg2 Nc4 11. b3 Nb6 12. Bb2 Bd7 13. Re1 e5 14. Nde2 Bc6 15.
Qd2 Be7 16. f4 O-O 17. Rad1 Rfd8 18. h3 d5 19. exd5 Nfxd5 20. Nxd5 Bxd5 21.
Bxe5 Bxg2 22. Bxc7 Rxd2 23. Rxd2 1-0

[Event "Landesklasse West 2013/2014"]
[Site "?"]
[Date "2013.10.20"]
[Round "2"]
[White "Göbel, Klaus"]
[Black "Krannich, Steffen"]
[Result "0-1"]
[WhiteElo "1349"]
[BlackElo "1818"]
[PlyCount "86"]
[EventDate "2013.??.??"]
[WhiteTeam "SC 51 Nordhausen"]
[BlackTeam "SV Schmalkalden 04"]

1. d4 d5 2. e3 Nf6 3. Bd3 e6 4. f4 c5 5. c3 Bd6 6. Nf3 Nbd7 7. O-O O-O 8. Nbd2
cxd4 9. cxd4 Nb6 10. Ne5 Bd7 11. Qf3 Rc8 12. g4 Qe7 13. g5 Ne8 14. Qh5 g6 15.
Qg4 Bxe5 16. fxe5 Nc4 17. Bxc4 dxc4 18. Ne4 Bc6 19. Nf6+ Nxf6 20. gxf6 Qb4 21.
Qg5 Rfd8 22. a3 Qf8 23. Bd2 h6 24. Qg4 Kh7 25. Bb4 Qg8 26. Bd6 g5 27. Rae1 c3
28. bxc3 Bb5 29. Qe4+ Qg6 30. Qxg6+ Kxg6 31. d5 Bxf1 32. Rxf1 exd5 33. Bb4 Re8
34. Bd6 Rxc3 35. Kf2 Kf5 36. h4 Rc4 37. Kg3+ Ke6 38. hxg5 hxg5 39. Rb1 b6 40.
Rh1 Rec8 41. Rh7 Re4 42. Rh2 Rxe3+ 43. Kg4 Re4+ 0-1

[Event "Landesklasse West 2013/2014"]
[Site "?"]
[Date "2013.10.20"]
[Round "2"]
[White "Curea, Virgil"]
[Black "Weigend, Joachim"]
[Result "0-1"]
[WhiteElo "1497"]
[BlackElo "1797"]
[PlyCount "108"]
[EventDate "2013.??.??"]
[WhiteTeam "SC 51 Nordhausen"]
[BlackTeam "SV Schmalkalden 04"]

1. d4 d5 2. Bg5 h6 3. Bh4 Nf6 4. Nd2 Nbd7 5. c3 e6 6. Qc2 Be7 7. e3 c5 8. f4
Ng4 9. Bf2 O-O 10. Ndf3 Qc7 11. h4 Ndf6 12. Ne5 Nxf2 13. Qxf2 Ne4 14. Qc2 Ng3
15. Rh3 Nf5 16. Qf2 Qb6 17. Ngf3 Nd6 18. Bd3 Ne4 19. Qc2 f5 20. Ng6 Re8 21.
Nfe5 Bf6 22. Qa4 Rd8 23. Bb5 a6 24. Bd3 Qxb2 25. Qc2 Qxa1+ 26. Ke2 Qxc3 27.
Bxe4 Qxc2+ 28. Bxc2 Bxe5 29. Nxe5 Bd7 30. dxc5 Rac8 31. Nd3 Bb5 32. a4 Bxd3+
33. Bxd3 Rxc5 34. Rg3 Kf7 35. h5 b5 36. axb5 axb5 37. Rg6 b4 38. g4 fxg4 39.
Rxg4 b3 40. f5 Rb8 41. fxe6+ Kxe6 42. Rxg7 b2 43. Rg6+ Ke5 44. Rxh6 b1=Q 45.
Bxb1 Rxb1 46. Kf3 Rf1+ 47. Ke2 Rf6 48. Rh8 Rcc6 49. Kd3 Rce6 50. Rg8 Rf3 51.
Rg5+ Kd6 52. Rg6 Rfxe3+ 53. Kd2 Rxg6 54. hxg6 Rg3 0-1

[Event "Landesklasse West 2013/2014"]
[Site "?"]
[Date "2013.10.20"]
[Round "2"]
[White "Himmel, Matthias"]
[Black "Marek, Thomas"]
[Result "1-0"]
[WhiteElo "1552"]
[BlackElo "1291"]
[PlyCount "71"]
[EventDate "2013.??.??"]
[WhiteTeam "SV Schmalkalden 04"]
[BlackTeam "SC 51 Nordhausen"]

1. d4 Nf6 2. e3 d6 3. Bd3 g6 4. Nf3 Bg7 5. O-O O-O 6. c3 Nbd7 7. Nbd2 c5 8. Re1
a6 9. a4 Qc7 10. e4 e5 11. dxe5 Nxe5 12. Nxe5 dxe5 13. Bc4 Bd7 14. Qe2 Bc6 15.
f3 Rad8 16. Nf1 Qa5 17. Bd2 Qb6 18. Be3 Qa7 19. b4 b6 20. Bxa6 Ra8 21. Bb5 Bxb5
22. axb5 Qc7 23. bxc5 bxc5 24. c4 Rad8 25. Red1 Rb8 26. Ra6 Rb6 27. Rda1 Nd7
28. Bf2 Re8 29. Ne3 Nf6 30. Bh4 Rxa6 31. Rxa6 Nh5 32. Nd5 Qb7 33. Bf2 Bf8 34.
Qb2 Ra8 35. Qa1 Nf4 36. Rxa8 1-0

[Event "Landesklasse West 2013/2014"]
[Site "?"]
[Date "2013.10.20"]
[Round "2"]
[White "Fullmann, Lukas"]
[Black "Röder, Detlef"]
[Result "0-1"]
[WhiteElo "956"]
[BlackElo "1666"]
[PlyCount "52"]
[EventDate "2013.??.??"]
[WhiteTeam "SC 51 Nordhausen"]
[BlackTeam "SV Schmalkalden 04"]

1. Nf3 f5 2. Nc3 Nf6 3. d4 e6 4. Bf4 d5 5. e3 c6 6. b3 Bb4 7. Qd3 Ne4 8. Nd2
Bxc3 9. f3 Bxd2+ 10. Ke2 Bc3 11. Rd1 Bb4 12. a3 Nc3+ 13. Ke1 Nxd1+ 14. axb4 a5
15. Qxd1 Qe7 16. e4 Qxb4+ 17. Bd2 Qxd4 18. c3 Qe5 19. Be2 dxe4 20. f4 Qd6 21.
Qc2 O-O 22. Kf2 c5 23. Rd1 Qc7 24. c4 b6 25. Bc3 Nc6 26. h4 Qxf4+ 0-1

[Event "Landesklasse West 2013/2014"]
[Site "?"]
[Date "2013.10.20"]
[Round "2"]
[White "Moise, Adrian"]
[Black "Petiko, Nikolai"]
[Result "1/2-1/2"]
[WhiteElo "2163"]
[BlackElo "1951"]
[PlyCount "29"]
[EventDate "2013.??.??"]
[WhiteTeam "SV Ammern"]
[BlackTeam "SV Breitenworbis"]

1. Nf3 d6 2. d4 Nf6 3. c4 Nbd7 4. Nc3 e5 5. e4 Be7 6. Be2 c6 7. O-O a6 8. a4 a5
9. d5 O-O 10. dxc6 bxc6 11. Qc2 Ne8 12. Rd1 Qb6 13. b3 Nc5 14. Rb1 Nc7 15. Be3
1/2-1/2

[Event "Landesklasse West 2013/2014"]
[Site "?"]
[Date "2013.10.20"]
[Round "2"]
[White "Gast, Rainer"]
[Black "Wegerich, Michael"]
[Result "1/2-1/2"]
[WhiteElo "1898"]
[BlackElo "2033"]
[PlyCount "33"]
[EventDate "2013.??.??"]
[WhiteTeam "SV Breitenworbis"]
[BlackTeam "SV Ammern"]

1. d4 Nf6 2. c4 e6 3. Nc3 Bb4 4. e3 Bxc3+ 5. bxc3 O-O 6. Bd3 d6 7. e4 e5 8. Ne2
Nc6 9. f3 Ne8 10. Be3 f5 11. exf5 Bxf5 12. Bxf5 Rxf5 13. Ng3 Rf8 14. d5 Ne7 15.
O-O Nf6 16. Ne4 Nxe4 17. fxe4 1/2-1/2

[Event "Landesklasse West 2013/2014"]
[Site "?"]
[Date "2013.10.20"]
[Round "2"]
[White "Schorch, Rüdiger"]
[Black "Hellrung, Bernhard"]
[Result "1/2-1/2"]
[WhiteElo "1887"]
[BlackElo "1841"]
[PlyCount "65"]
[EventDate "2013.??.??"]
[WhiteTeam "SV Ammern"]
[BlackTeam "SV Breitenworbis"]

1. c4 Nf6 2. Nc3 g6 3. g3 Bg7 4. Bg2 d6 5. b4 c6 6. Rb1 a6 7. d4 O-O 8. e4 e5
9. d5 Qe7 10. Nge2 Nbd7 11. O-O cxd5 12. cxd5 Nh5 13. a4 f5 14. f3 b6 15. Be3
Bb7 16. Qd2 Rf7 17. Rbc1 Rc8 18. Na2 Rff8 19. Rxc8 Rxc8 20. Rc1 Qd8 21. Rxc8
Qxc8 22. Qc1 Qxc1+ 23. Naxc1 Bf6 24. Bh3 Ng7 25. Nc3 Bc8 26. Nd3 Bd8 27. Nb2
Kf7 28. Nc4 Bc7 29. Kf2 Kf6 30. f4 h5 31. Ke2 Bb7 32. fxe5+ dxe5 33. Kf2
1/2-1/2

[Event "Landesklasse West 2013/2014"]
[Site "?"]
[Date "2013.10.20"]
[Round "2"]
[White "Leibeling, Lucian"]
[Black "Dawydow, Alexej"]
[Result "1/2-1/2"]
[WhiteElo "1843"]
[BlackElo "1914"]
[PlyCount "33"]
[EventDate "2013.??.??"]
[WhiteTeam "SV Breitenworbis"]
[BlackTeam "SV Ammern"]

1. c4 e5 2. Nc3 Nf6 3. d3 Be7 4. g3 d6 5. Bg2 O-O 6. e4 Nc6 7. Nge2 Bd7 8. O-O
Qc8 9. a3 Bh3 10. b4 Bxg2 11. Kxg2 a5 12. b5 Nd8 13. f4 exf4 14. Nxf4 Ne6 15.
Ncd5 Nxf4+ 16. Rxf4 Nxd5 17. exd5 1/2-1/2

[Event "Landesklasse West 2013/2014"]
[Site "?"]
[Date "2013.10.20"]
[Round "2"]
[White "Kampfhenkel, Ulrich"]
[Black "Vergin, Marcel"]
[Result "1-0"]
[WhiteElo "1908"]
[BlackElo "1665"]
[PlyCount "91"]
[EventDate "2013.??.??"]
[WhiteTeam "SV Ammern"]
[BlackTeam "SV Breitenworbis"]

1. e4 c5 2. Nf3 a6 3. c4 d6 4. d4 Bg4 5. dxc5 Qa5+ 6. Nc3 Qxc5 7. Be3 Qc7 8.
Nd5 Qc6 9. Nb6 Ra7 10. Bd3 e6 11. O-O Nf6 12. Nd5 Ra8 13. Nb6 Ra7 14. b4 Be7
15. b5 Qc7 16. Rc1 Qd8 17. h3 Bh5 18. Qe2 O-O 19. Nd5 b6 20. Bxb6 Qd7 21. Nxe7+
Qxe7 22. Bxa7 Qxa7 23. g4 Bg6 24. e5 dxe5 25. Bxg6 hxg6 26. Nxe5 Qb7 27. Rfd1
Rc8 28. Qf3 Qb6 29. a4 Kf8 30. g5 Qc7 31. Qf4 Nh5 32. Nxg6+ Ke8 33. Qxc7 Rxc7
34. Ne5 Nf4 35. Kh2 f6 36. gxf6 gxf6 37. Ng4 Ke7 38. c5 Nd5 39. Ne3 Nf4 40. c6
axb5 41. axb5 Rc8 42. c7 Nd7 43. Rxd7+ Kxd7 44. b6 Ng6 45. b7 Rxc7 46. Rd1+ 1-0

[Event "Landesklasse West 2013/2014"]
[Site "?"]
[Date "2013.10.20"]
[Round "2"]
[White "Hermann, Ingo"]
[Black "Kurze, Christoph"]
[Result "1/2-1/2"]
[WhiteElo "1822"]
[BlackElo "1851"]
[PlyCount "151"]
[EventDate "2013.??.??"]
[WhiteTeam "SV Breitenworbis"]
[BlackTeam "SV Ammern"]

1. e4 e6 2. d4 d5 3. exd5 exd5 4. Bd3 Nf6 5. Nf3 Bg4 6. Bg5 Nbd7 7. O-O Be7 8.
Nbd2 O-O 9. c3 Re8 10. Qc2 h6 11. Bh4 b6 12. Rfe1 c5 13. Bf5 Bxf5 14. Qxf5 g6
15. Qd3 c4 16. Qc2 Qc7 17. Re2 Bd6 18. Rae1 Rxe2 19. Rxe2 Re8 20. Rxe8+ Nxe8
21. Qd1 f5 22. Qe2 Kf7 23. Qe3 f4 24. Qe2 Ng7 25. g4 g5 26. Bxg5 hxg5 27. Nxg5+
Kf6 28. h4 Nf8 29. f3 Qe7 30. Qxe7+ Bxe7 31. Nh3 Nge6 32. Kf2 Kg6 33. h5+ Kh6
34. Ke2 b5 35. b4 Nh7 36. a3 Nhg5 37. Nf2 Nf7 38. Nh3 Nd6 39. Kd1 Bh4 40. Ke2
Nc8 41. Kd1 Nb6 42. Kc1 Na4 43. Kc2 Be1 44. Kd1 Bg3 45. Kc2 Ng5 46. Nxg5 Kxg5
47. Nb1 Be1 48. Nd2 Kh6 49. Kd1 Bh4 50. Nb1 Nb2+ 51. Ke2 Bf6 52. Kf1 Kg5 53.
Kf2 Kh4 54. Kg2 Nd1 55. Kh2 Bg5 56. Kg2 Bh6 57. Kh2 Ne3 58. Nd2 Bg7 59. Nb1 Nc2
60. Kg2 Kg5 61. Kf2 Bf6 62. Kf1 Kh6 63. Ke2 Bh4 64. Kf1 a6 65. Ke2 Bg3 66. Kd2
Ne3 67. Ke2 Kg5 68. Nd2 Nc2 69. Nb1 Be1 70. Nd2 Bxd2 71. Kxd2 Ne3 72. Ke2 Kh6
73. Kd2 Nf1+ 74. Ke2 Ng3+ 75. Kf2 Kg5 76. Ke1 1/2-1/2

[Event "Landesklasse West 2013/2014"]
[Site "?"]
[Date "2013.10.20"]
[Round "2"]
[White "Breuer, Harald"]
[Black "Gast, Benedikt"]
[Result "1-0"]
[WhiteElo "1799"]
[BlackElo "1587"]
[PlyCount "63"]
[EventDate "2013.??.??"]
[WhiteTeam "SV Ammern"]
[BlackTeam "SV Breitenworbis"]

1. e4 e5 2. f4 exf4 3. Bc4 d6 4. Nf3 h6 5. d4 g5 6. O-O Bg7 7. c3 Nf6 8. Qb3
Qe7 9. e5 dxe5 10. Nxe5 O-O 11. Ng6 Qe8 12. Bd2 Qd7 13. Nxf8 Kxf8 14. Na3 Nc6
15. Rae1 b6 16. Qd1 Bb7 17. Bd3 Ne7 18. Nc2 Nf5 19. Re5 Nh4 20. Ne1 Qc6 21. Qe2
Nd5 22. Bb5 Ba6 23. Bxc6 Bxe2 24. Rxe2 Rd8 25. Bxd5 Rxd5 26. Nf3 Nxf3+ 27. gxf3
Bf6 28. Rfe1 Rd8 29. Bc1 Rc8 30. b3 Rd8 31. Ba3+ Kg7 32. Be7 1-0

[Event "Landesklasse West 2013/2014"]
[Site "?"]
[Date "2013.10.20"]
[Round "2"]
[White "Eschrich, Torsten"]
[Black "Hentrich, Jörg"]
[Result "1/2-1/2"]
[WhiteElo "1648"]
[BlackElo "1727"]
[PlyCount "30"]
[EventDate "2013.??.??"]
[WhiteTeam "SV Breitenworbis"]
[BlackTeam "SV Ammern"]

1. c4 Nf6 2. Nc3 d6 3. g3 g6 4. Bg2 Bg7 5. d4 O-O 6. Nf3 c5 7. dxc5 dxc5 8. O-O
Nc6 9. Bg5 Be6 10. Nd2 Qa5 11. Qa4 Qb6 12. Qb5 Rac8 13. Qxb6 axb6 14. Rac1 h6
15. Bf4 g5 1/2-1/2

[Event "Landesklasse West 2013/2014"]
[Site "?"]
[Date "2013.10.20"]
[Round "2"]
[White "Kuntze, Andreas"]
[Black "Katzner, Andreas"]
[Result "1-0"]
[WhiteElo "1992"]
[BlackElo "1583"]
[PlyCount "99"]
[EventDate "2013.??.??"]
[WhiteTeam "Schachclub Rochade Leinefelde"]
[BlackTeam "SV Gernrode 1887"]

1. e4 e6 2. f4 d5 3. e5 c5 4. Nf3 Nc6 5. c3 Qb6 6. Na3 c4 7. Nc2 Bc5 8. Qe2 Nh6
9. Ne3 Bxe3 10. dxe3 Bd7 11. Rb1 Qa5 12. b4 cxb3 13. Rxb3 Qc7 14. Nd4 Na5 15.
Nb5 Bxb5 16. Qxb5+ Kd8 17. Ra3 b6 18. Bd2 Nc4 19. Ra4 Nxd2 20. Kxd2 Ke7 21.
Qb4+ Qc5 22. Qxc5+ bxc5 23. Bd3 Rhb8 24. Ra5 c4 25. Bc2 f5 26. h3 Nf7 27. g4 g6
28. gxf5 gxf5 29. Rg1 Kf8 30. Rb1 Rxb1 31. Bxb1 Nd8 32. Bc2 h6 33. Ra6 Ke7 34.
Ba4 Kf7 35. Rd6 Kg6 36. Rd7 Kh5 37. Rh7 Rb8 38. Be8+ Kh4 39. Rxh6+ Kg3 40. Ba4
Rb2+ 41. Bc2 Rxa2 42. h4 a5 43. h5 a4 44. Rg6+ Kf2 45. h6 a3 46. h7 Nf7 47. Rg7
Nh8 48. Rg8 Nf7 49. Rf8 Nxe5 50. fxe5 1-0

[Event "Landesklasse West 2013/2014"]
[Site "?"]
[Date "2013.10.20"]
[Round "2"]
[White "Wiederhold, Frank"]
[Black "Kachel, Alfred"]
[Result "1-0"]
[WhiteElo "1706"]
[BlackElo "1963"]
[PlyCount "49"]
[EventDate "2013.??.??"]
[WhiteTeam "SV Gernrode 1887"]
[BlackTeam "Schachclub Rochade Leinefelde"]

1. d4 f5 2. c4 Nf6 3. Nc3 g6 4. Nf3 Bg7 5. g3 d6 6. Bg2 c6 7. O-O O-O 8. Re1
Qe8 9. e4 fxe4 10. Nxe4 Nxe4 11. Rxe4 Bf5 12. Re1 Qf7 13. Ng5 Qxc4 14. Rxe7
Bxd4 15. Nxh7 Bc2 16. Qe2 Bd3 17. Qd1 Rxf2 18. Be3 Rxb2 19. Rc1 Bxe3+ 20. Rxe3
Qxa2 21. Nf6+ Kf7 22. Bh3 Kxf6 23. Qxd3 Rd2 24. Rf1+ Kg7 25. Re7+ 1-0

[Event "Landesklasse West 2013/2014"]
[Site "?"]
[Date "2013.10.20"]
[Round "2"]
[White "Müller, Sebastian"]
[Black "Brodmann, Michael"]
[Result "0-1"]
[WhiteElo "1885"]
[BlackElo "1718"]
[PlyCount "110"]
[EventDate "2013.??.??"]
[WhiteTeam "Schachclub Rochade Leinefelde"]
[BlackTeam "SV Gernrode 1887"]

1. Nf3 d5 2. g3 Nf6 3. Bg2 e6 4. d4 Be7 5. O-O c5 6. dxc5 Nc6 7. c4 O-O 8. a3
a5 9. Qc2 d4 10. Nbd2 Bxc5 11. Ne4 Nxe4 12. Qxe4 f5 13. Qh4 Qxh4 14. Nxh4 Be7
15. Nf3 e5 16. Rd1 Be6 17. b3 Bf6 18. Ng5 Bxg5 19. Bxg5 h6 20. Bd2 a4 21. Rdb1
axb3 22. Bd5 Bxd5 23. cxd5 Na5 24. Bxa5 Rxa5 25. Rxb3 Rf7 26. Rab1 Ra7 27. e3
Rd7 28. exd4 exd4 29. Rd3 Rxd5 30. Rb4 b5 31. Kf1 Ra4 32. Rb2 Kf7 33. Ke2 Kf6
34. h4 Ke5 35. Kf3 g5 36. hxg5 hxg5 37. Re2+ Kf6 38. Re8 Rc4 39. Rf8+ Kg7 40.
Re8 Rc2 41. Re1 g4+ 42. Kg2 Rc3 43. Red1 Rxd3 44. Rxd3 Kf6 45. f4 gxf3+ 46.
Kxf3 Ke5 47. Rd2 Rc5 48. Re2+ Kd5 49. Kf4 d3 50. Rb2 Kc4 51. Ke3 Kc3 52. Ra2
Rd5 53. Ra1 d2 54. Ke2 Re5+ 55. Kf2 Kb2 0-1

[Event "Landesklasse West 2013/2014"]
[Site "?"]
[Date "2013.10.20"]
[Round "2"]
[White "Brodmann, Peter"]
[Black "Petiko, Jakob"]
[Result "0-1"]
[WhiteElo "1688"]
[BlackElo "1910"]
[PlyCount "84"]
[EventDate "2013.??.??"]
[WhiteTeam "SV Gernrode 1887"]
[BlackTeam "Schachclub Rochade Leinefelde"]

1. d4 Nf6 2. Nf3 d6 3. c4 c6 4. Nc3 Nbd7 5. Bg5 Qa5 6. Bxf6 Nxf6 7. e3 Ne4 8.
Qc2 Bf5 9. Bd3 Nxc3 10. bxc3 Bg4 11. Be2 e5 12. O-O Be7 13. Rab1 b6 14. Qe4 Bd7
15. dxe5 O-O 16. Rbd1 Rae8 17. Qd4 c5 18. Qd2 Ba4 19. exd6 Bf6 20. Rc1 Qa6 21.
Bd3 g6 22. Qb2 Rd8 23. Qa3 Rxd6 24. Bc2 Bb5 25. Qxa6 Bxa6 26. Bb3 Rfd8 27. h3
Rd3 28. Rc2 Bxc3 29. Rfc1 Bg7 30. Kf1 Bb7 31. Ke2 Be4 32. Ke1 f5 33. Kf1 Rd1+
34. Rxd1 Rxd1+ 35. Ke2 Bxc2 36. Bxc2 Ra1 37. Bb3 h6 38. Nh4 Kf7 39. Nf3 a5 40.
Ne1 a4 41. Bxa4 Rxa2+ 42. Bc2 Bc3 0-1

[Event "Landesklasse West 2013/2014"]
[Site "?"]
[Date "2013.10.20"]
[Round "2"]
[White "Frank, Thomas"]
[Black "Herzberg, Ägidius"]
[Result "1-0"]
[WhiteElo "1897"]
[BlackElo "1552"]
[PlyCount "53"]
[EventDate "2013.??.??"]
[WhiteTeam "Schachclub Rochade Leinefelde"]
[BlackTeam "SV Gernrode 1887"]

1. d4 d5 2. c4 c6 3. Nf3 Nf6 4. Nc3 Nbd7 5. e3 e6 6. Qc2 Be7 7. Bd2 Qc7 8. Rc1
O-O 9. Bd3 b6 10. O-O Bb7 11. cxd5 exd5 12. Ng5 h6 13. Nh3 Ng4 14. g3 a6 15.
Nxd5 Qd6 16. Nxe7+ Qxe7 17. Bh7+ Kh8 18. Be4 Rac8 19. Nf4 Ndf6 20. Bg2 h5 21.
h3 h4 22. hxg4 hxg3 23. Qf5 gxf2+ 24. Rxf2 Rcd8 25. g5 Nh7 26. g6 Ng5 27. gxf7
1-0

[Event "Landesklasse West 2013/2014"]
[Site "?"]
[Date "2013.10.20"]
[Round "2"]
[White "Lath, Siegfried"]
[Black "Pfitzenreuter, Gerald"]
[Result "1-0"]
[WhiteElo "1643"]
[BlackElo "1893"]
[PlyCount "81"]
[EventDate "2013.??.??"]
[WhiteTeam "SV Gernrode 1887"]
[BlackTeam "Schachclub Rochade Leinefelde"]

1. e4 c5 2. Nf3 Nc6 3. d4 cxd4 4. Nxd4 g6 5. Be3 Bg7 6. Nc3 Nf6 7. Qd2 O-O 8.
f3 d5 9. Nxc6 bxc6 10. e5 Nd7 11. f4 Qa5 12. h4 Rb8 13. Rb1 f6 14. h5 fxe5 15.
fxe5 Bxe5 16. Bd4 Bg3+ 17. Kd1 e5 18. hxg6 Bf4 19. Qe2 h6 20. Be3 Nf6 21. Kc1
Bg4 22. Qd2 Nh5 23. Bxf4 exf4 24. Be2 Ng3 25. Rxh6 Nxe2+ 26. Nxe2 Qxd2+ 27.
Kxd2 Bxe2 28. Kxe2 Rbe8+ 29. Kd2 Kg7 30. Rh7+ Kxg6 31. Rxa7 Rf6 32. Re1 Rh8 33.
a4 Rb8 34. b3 Kf5 35. a5 c5 36. Rd7 d4 37. Rd5+ Kg4 38. Rxc5 Ra6 39. Ree5 Kg3
40. Rg5+ Kf2 41. Rcf5 1-0

[Event "Landesklasse West 2013/2014"]
[Site "?"]
[Date "2013.10.20"]
[Round "2"]
[White "Lubojanski, Stephan"]
[Black "Stöber, Guido"]
[Result "0-1"]
[WhiteElo "1599"]
[BlackElo "1447"]
[PlyCount "102"]
[EventDate "2013.??.??"]
[WhiteTeam "SV Gernrode 1887"]
[BlackTeam "Schachclub Rochade Leinefelde"]

1. e4 c5 2. Nf3 d6 3. d4 cxd4 4. Nxd4 Nf6 5. Bd3 e6 6. O-O Be7 7. Nc3 O-O 8.
Qf3 Nbd7 9. Qg3 Ne5 10. f4 Nxd3 11. cxd3 Nh5 12. Qf3 Nf6 13. Nde2 Bd7 14. Ng3
Bc6 15. Qe2 Nd7 16. Qg4 Nf6 17. Qe2 Nd7 18. Nh5 Nf6 19. Ng3 Nd7 20. f5 Bg5 21.
Qg4 Bxc1 22. Raxc1 Nf6 23. Qh3 Qb6+ 24. Kh1 Bd7 25. Nce2 e5 26. Nh5 Nxh5 27.
Qxh5 f6 28. Rf3 Rf7 29. Rcf1 Rc8 30. Rh3 h6 31. Qg6 Qxb2 32. Ng1 Rc1 33. Rhf3
Rxf1 34. Rxf1 Qxa2 35. Rc1 Bc6 36. Nf3 Qa3 37. Rd1 Qb3 38. Rd2 Qb1+ 39. Ng1 Qc1
40. Ra2 a6 41. Qg3 Bb5 42. h3 Rc7 43. Qf2 Bxd3 44. Rd2 Rc2 45. Rxc2 Qxc2 46.
Qb6 Bxe4 47. Nf3 Qc1+ 48. Kh2 Qf4+ 49. Kg1 Bxf3 50. gxf3 Qd4+ 51. Qxd4 exd4 0-1

[Event "Landesklasse West 2013/2014"]
[Site "?"]
[Date "2013.10.20"]
[Round "2"]
[White "Hocke, Sebastian"]
[Black "Minor, Viatcheslav"]
[Result "0-1"]
[WhiteElo "2023"]
[BlackElo "1875"]
[PlyCount "102"]
[EventDate "2013.??.??"]
[WhiteTeam "ESV Lok Meiningen"]
[BlackTeam "SV Wartburgstadt Eisenach"]

1. e4 e6 2. d4 d5 3. Nc3 Bb4 4. e5 Ne7 5. a3 Bxc3+ 6. bxc3 c5 7. Qg4 Nf5 8. Bd3
h5 9. Qg5 Qxg5 10. Bxg5 Ne7 11. Nf3 cxd4 12. cxd4 Nbc6 13. Rb1 b6 14. O-O Bd7
15. c3 Na5 16. Nd2 Rc8 17. Rfc1 Nec6 18. Ba6 Rc7 19. h3 O-O 20. g3 f6 21. exf6
gxf6 22. Bh6 Rf7 23. Nf1 e5 24. Ne3 Ne7 25. dxe5 fxe5 26. Kg2 Bc6 27. Kg1 Nf5
28. Bg5 Nd6 29. Be2 Ne4 30. Bh4 Rh7 31. c4 d4 32. Nd5 Bxd5 33. cxd5 Nc3 34. Bd3
Nxb1 35. Bxh7+ Rxh7 36. Rxb1 Rd7 37. Rb5 Kf7 38. Kf1 Nc4 39. a4 Nd6 40. Rb2 Nf5
41. Bg5 Rxd5 42. g4 hxg4 43. hxg4 Nd6 44. Ke2 Ne4 45. Bc1 Nc3+ 46. Kd3 Nxa4 47.
Ke4 Ke6 48. Rc2 Nc5+ 49. Kf3 Rd7 50. g5 Kf5 51. Kg3 d3 0-1

[Event "Landesklasse West 2013/2014"]
[Site "?"]
[Date "2013.10.20"]
[Round "2"]
[White "Neef, Michael"]
[Black "Lehmann, Peter"]
[Result "1/2-1/2"]
[WhiteElo "1867"]
[BlackElo "1935"]
[PlyCount "124"]
[EventDate "2013.??.??"]
[WhiteTeam "SV Wartburgstadt Eisenach"]
[BlackTeam "ESV Lok Meiningen"]

1. d4 d5 2. c4 Nf6 3. Nc3 e6 4. Bg5 Be7 5. c5 O-O 6. e3 b6 7. b4 a5 8. a3 c6 9.
Nf3 Nbd7 10. Be2 b5 11. O-O h6 12. Bh4 Ne4 13. Bxe7 Qxe7 14. Qc2 f5 15. h3 g5
16. Nxe4 fxe4 17. Nh2 e5 18. Qc3 exd4 19. exd4 Nf6 20. Qg3 Rf7 21. a4 axb4 22.
axb5 Rxa1 23. Rxa1 cxb5 24. Bxb5 Qb7 25. Be2 b3 26. Rb1 Qb4 27. Rxb3 Qxd4 28.
c6 Qd2 29. Qe3 Qxe3 30. fxe3 Rc7 31. Bb5 Kf7 32. Nf1 Ke7 33. Ng3 Be6 34. Ra3
Kd6 35. Ne2 Ng8 36. Nd4 Ne7 37. Ra8 Rc8 38. Ra7 Nf5 39. Nxf5+ Bxf5 40. Kf2 Rc7
41. Ra8 Kc5 42. Ba4 Rc8 43. Ra7 Kc4 44. Rf7 Bg6 45. Rf6 Be8 46. Rxh6 Kb4 47.
Bd1 Bxc6 48. Rg6 Kc3 49. Bg4 Rf8+ 50. Kg3 Ba8 51. Rxg5 Kd3 52. Be6 Kxe3 53.
Bxd5 Bxd5 54. Rxd5 Rg8+ 55. Kh2 Kf2 56. Rf5+ Ke2 57. g4 e3 58. Kg3 Re8 59. Rd5
Ke1 60. Kg2 e2 61. g5 Re6 62. h4 Re4 1/2-1/2

[Event "Landesklasse West 2013/2014"]
[Site "?"]
[Date "2013.10.20"]
[Round "2"]
[White "Scheftlein, Richard"]
[Black "Schwarz, Hilmar"]
[Result "0-1"]
[WhiteElo "1921"]
[BlackElo "1798"]
[PlyCount "92"]
[EventDate "2013.??.??"]
[WhiteTeam "ESV Lok Meiningen"]
[BlackTeam "SV Wartburgstadt Eisenach"]

1. c4 f5 2. d4 e6 3. Nf3 d5 4. Nc3 c6 5. Bf4 Nf6 6. e3 Be7 7. Bd3 O-O 8. Qc2
Ne4 9. g4 Na6 10. a3 Nc7 11. gxf5 exf5 12. Bxc7 Qxc7 13. cxd5 Bd7 14. dxc6 Bxc6
15. d5 Bd7 16. Nxe4 Qxc2 17. Bxc2 fxe4 18. Bxe4 Rae8 19. Ne5 Bh3 20. d6 Bh4 21.
Bd5+ Be6 22. Bxe6+ Rxe6 23. Nd7 Bxf2+ 24. Ke2 Rxe3+ 25. Kd2 Rfe8 26. Rad1 R3e6
27. Kc3 Rd8 28. Rhf1 Bh4 29. Nc5 Bf6+ 30. Kc4 Rexd6 31. Rxd6 Rxd6 32. b4 b6 33.
Nb3 a6 34. Rf2 Kf7 35. b5 a5 36. Rd2 Rxd2 37. Nxd2 Ke6 38. a4 h5 39. Ne4 g5 40.
Ng3 h4 41. Ne4 g4 42. Kd3 Be5 43. h3 gxh3 44. Ng5+ Kd5 45. Nxh3 Kc5 46. Ke4 Bg3
0-1

[Event "Landesklasse West 2013/2014"]
[Site "?"]
[Date "2013.10.20"]
[Round "2"]
[White "Königsdörfer, Gerhard"]
[Black "Grube, Jan"]
[Result "1-0"]
[WhiteElo "1851"]
[BlackElo "1863"]
[PlyCount "79"]
[EventDate "2013.??.??"]
[WhiteTeam "SV Wartburgstadt Eisenach"]
[BlackTeam "ESV Lok Meiningen"]

1. e4 c5 2. Nf3 Nc6 3. Bb5 g6 4. O-O Bg7 5. Nc3 a6 6. Bxc6 dxc6 7. h3 Nf6 8. d3
O-O 9. Be3 Nd7 10. a4 b6 11. Nd2 a5 12. f4 Bd4 13. Qe2 Nf6 14. Nd1 Nh5 15. Kh2
e5 16. Bxd4 exd4 17. Qf3 Qh4 18. Nc4 Rb8 19. Qf2 Qd8 20. g4 Ng7 21. Qg3 Be6 22.
Ne5 Qe8 23. f5 f6 24. Nf3 Bd7 25. Nf2 b5 26. axb5 Rxb5 27. b3 Kh8 28. Rae1 Rb4
29. e5 Qb8 30. fxg6 hxg6 31. Ne4 Ne8 32. Nfg5 Qxe5 33. Qxe5 fxe5 34. Rxf8+ Kg7
35. Rf7+ Kg8 36. Rxd7 a4 37. Rf1 axb3 38. Ne6 Nf6 39. Nxf6+ Kh8 40. Rh7# 1-0

[Event "Landesklasse West 2013/2014"]
[Site "?"]
[Date "2013.10.20"]
[Round "2"]
[White "Von Otte, Wilhelm"]
[Black "Anschütz, Bernd"]
[Result "1-0"]
[WhiteElo "1938"]
[BlackElo "1759"]
[PlyCount "75"]
[EventDate "2013.??.??"]
[WhiteTeam "ESV Lok Meiningen"]
[BlackTeam "SV Wartburgstadt Eisenach"]

1. e4 c5 2. c3 d5 3. exd5 Qxd5 4. Nf3 Nf6 5. Na3 a6 6. Bc4 Qd8 7. Qa4+ Bd7 8.
Ne5 e6 9. Nxd7 Nbxd7 10. Be2 Be7 11. d3 O-O 12. Bg5 Nd5 13. h4 b5 14. Qg4 Ne5
15. Qg3 f6 16. Bh6 Rf7 17. Bd2 Bd6 18. Qh3 Qe7 19. Nc2 Rd8 20. d4 Nc6 21. dxc5
Bxc5 22. O-O-O Rff8 23. Bg4 f5 24. Bf3 Ne5 25. Bg5 Nf6 26. Be2 h6 27. Be3 Nfg4
28. Nd4 Nxe3 29. Qxe3 Bxd4 30. Rxd4 Nc6 31. Rxd8 Rxd8 32. Rd1 Rxd1+ 33. Bxd1 b4
34. Bb3 Kf7 35. Qf3 Qc5 36. Kb1 bxc3 37. bxc3 Ne5 38. Qxf5+ 1-0